| 000 | 00000nam 2200000zi 4500 |
| 001 | 9.876796 |
| 003 | CaOODSP |
| 005 | 20221107164813 |
| 006 | m o d f |
| 007 | cr cn||||||||| |
| 008 | 190722t19861986onca o f000 0 fre d |
| 020 | |z0662936531|q(imprimé) |
| 040 | |aCaOODSP|bfre|erda|cCaOODSP |
| 043 | |an-cn--- |
| 045 | |ax7x8 |
| 086 | 1 |aC2-91/1986F-PDF|zC2-91/1986F |
| 245 | 02|aL'industrie de l'électronique au Canada : |bvue d'ensemble / |cDéveloppement commerciale (électronique), Direction générale de l'électronique et de l'aérospatiale. |
| 264 | 1|aOttawa, Canada : |bMinistère de l'expansion industrielle régionale, |c1986. |
| 264 | 4|c©1986 |
| 300 | |a1 ressource en ligne (17 pages) : |billustrations |
| 336 | |atexte|btxt|2rdacontent/fre |
| 337 | |ainformatique|bc|2rdamedia/fre |
| 338 | |aressource en ligne|bcr|2rdacarrier/fre |
| 500 | |aPublié aussi en anglais sous le titre : The electronics industry in Canada: an overview. |
| 500 | |aÉdition numérisée de l'imprimé [par Innovation, sciences et développement économique Canada]. |
| 520 | |a« L'application de l'électronique dans une variété grandissante de produits finis reflète l'adoption rapide des nouvelles technologies et la nécessité d'établir des stratégies de développement à long terme pour l'industrie de l'électronique au Canada. L'industrie et le gouvernement collaborent à l'atteinte de ce but au moyen d'un certain nombre de politiques orientées vers l'accroissement des investissements au Canada. Le gouvernement tente de rendre le climat commercial plus prévisible pour l'industrie en concluant des accords à long terme avec les principaux intervenants, en revoyant la loi fiscale et en améliorant le dialogue entre le milieu des affaires et le gouvernement. Le présent document, qui ne constitue qu'une première étape du processus, fournit des précisions sur l'industrie de l'électronique au Canada, sur les secteurs qui la composent et sur le milieu à l'intérieur duquel elle fonctionne » -- Introduction, page 1. |
| 530 | |aÉgalement publié en version imprimée. |
| 692 | 07|2gccst|aIndustrie de l'électronique |
| 710 | 1 |aCanada. |bMinistère de l'expansion industrielle régionale. |
| 710 | 1 |aCanada. |bDirection générale de l'électronique et de l'aérospatiale. |
| 775 | 08|tThe electronics industry in Canada : |w(CaOODSP)9.876791 |
| 856 | 40|qPDF|s1.39 Mo|uhttps://publications.gc.ca/collections/collection_2019/isde-ised/c2/C2-91-1986-fra.pdf |